Online
Catalog

The Japanese and Peru, 1873-1973 / (Record no. 1526)

MARC details
000 -CABECERA
campo de control de longitud fija 00781cam a2200229 i 4500
001 - NÚMERO DE CONTROL
campo de control 000001637
005 - FECHA Y HORA DE LA ÚLTIMA TRANSACCIÓN
campo de control 20240305134529.0
008 - DATOS DE LONGITUD FIJA--INFORMACIÓN GENERAL
campo de control de longitud fija 760212s1975 nmub b 001 0 eng
020 ## - NÚMERO INTERNACIONAL ESTÁNDAR DEL LIBRO
Número Internacional Estándar del Libro 0826303919 :
040 ## - FUENTE DE LA CATALOGACIÓN
Centro catalogador/agencia de origen DO-SdBNP
Centro/agencia transcriptor DLC
Centro/agencia modificador DLC
082 ## - NÚMERO DE LA CLASIFICACIÓN DECIMAL DEWEY
Número de clasificación 327.52085
Número de documento/Ítem G221j
049 ## - FONDOS LOCALES (OCLC)
Fondos de biblioteca BNGR
100 1# - ENTRADA PRINCIPAL--NOMBRE DE PERSONA
Nombre de persona Gardiner, C. Harvey,
Forma completa/desarrollada del nombre (Clinton Harvey)
Fechas asociadas al nombre 1939-2000
9 (RLIN) 5354
245 14 - MENCIÓN DE TÍTULO
Título The Japanese and Peru, 1873-1973 /
Mención de responsabilidad, etc. C. Harvey Gardiner.
260 ## - PUBLICACIÓN, DISTRIBUCIÓN, ETC.
Lugar de publicación, distribución, etc. Albuquerque :
Nombre del editor, distribuidor, etc. University of New Mexico Press,
Fecha de publicación, distribución, etc. c1975.
300 ## - DESCRIPCIÓN FÍSICA
Extensión xiii, 202 p. :
Otras características físicas map ;
Dimensiones 24 cm.
504 ## - NOTA DE BIBLIOGRAFÍA, ETC.
Nota de bibliografía, etc. Bibliografía: p. 181-191.
500 ## - NOTA GENERAL
Nota general Incluye índice.
651 #4 - PUNTO DE ACCESO ADICIONAL DE MATERIA--NOMBRE GEOGRÁFICO
Nombre geográfico Perú
Subdivisión general Relaciones Exteriores
Subdivisión geográfica Japón.
9 (RLIN) 5355
651 #4 - PUNTO DE ACCESO ADICIONAL DE MATERIA--NOMBRE GEOGRÁFICO
Nombre geográfico Japón
Subdivisión general Relaciones Exteriores
Subdivisión geográfica Perú
9 (RLIN) 5356
910 ## - DATOS DE OPCIÓN DEL USUARIO (OCLC)
Datos de opción del usuario Catalogación por copia / LC
Holdings
Estado de retiro Estado de pérdida Restricciones de uso No para préstamo Código de colección Localización permanente Ubicación/localización actual Ubicación en estantería Fecha de adquisición Número de inventario Total de préstamos Signatura topográfica completa Código de barras Fecha visto por última vez Precio válido a partir de Tipo de ítem Koha
    Préstamo interno   Monografías: Libros y Folletos General General Depósito 22.09.2009 LF1   327.52085 G221j 1637-10 25.06.2020 25.06.2020 Préstamo interno

Powered by Koha